Faculty of Law Library — Cairo University

Official Online Catalog

اتحاد المحاكم العليا العربية لحماية البيئة / (Record no. 67057)

MARC details
000 -LEADER
fixed length control field 01317nam a2200313 i 4500
003 - CONTROL NUMBER IDENTIFIER
control field EG-GICUC
005 - DATE AND TIME OF LATEST TRANSACTION
control field 20260328090438.0
008 - FIXED-LENGTH DATA ELEMENTS--GENERAL INFORMATION
fixed length control field 260328s2005 ua ||||fr|||| 00| 0 ara d
017 ## - COPYRIGHT OR LEGAL DEPOSIT NUMBER
Copyright or legal deposit number 2005/10750
040 ## - CATALOGING SOURCE
Original cataloging agency EG-GICUC
Transcribing agency EG-GICUC
Modifying agency EG-GICUC
Description conventions rda
Language of cataloging ara
082 04 - DEWEY DECIMAL CLASSIFICATION NUMBER
Edition number 21
Classification number 341.762
Item number م م . ا
092 04 - LOCALLY ASSIGNED DEWEY CALL NUMBER (OCLC)
Edition number 21
099 ## - LOCAL FREE-TEXT CALL NUMBER (OCLC)
Classification number Law1 11 341.762 م م . ا 2005
100 0# - MAIN ENTRY--PERSONAL NAME
Personal name ممدوح محيي الدين مرعي
Relator term معد.
245 10 - TITLE STATEMENT
Title اتحاد المحاكم العليا العربية لحماية البيئة /
Statement of responsibility, etc. ممدوح محيي الدين مرعي .
246 ## - VARYING FORM OF TITLE
Title proper/short title The Union of Arab Supreme Courts for The Protection Of The Environmental
264 #1 - PRODUCTION, PUBLICATION, DISTRIBUTION, MANUFACTURE, AND COPYRIGHT NOTICE
Place of production, publication, distribution, manufacture جمهورية مصر العربية :
Name of producer, publisher, distributor, manufacturer المحكمة الدستورية العليا ،
Date of production, publication, distribution, manufacture, or copyright notice 2005 .
300 ## - PHYSICAL DESCRIPTION
Extent 132 صفحة؛
Dimensions 24 سم.
336 ## - CONTENT TYPE
Source rda content
Content type term text
337 ## - MEDIA TYPE
Source rda media
Media type term Computer
338 ## - CARRIER TYPE
Source rda carrier
Carrier type term Online Resource
546 ## - LANGUAGE NOTE
Language note النص موازٍ باللغتين العربية والإنجليزية
650 04 - SUBJECT ADDED ENTRY--TOPICAL TERM
Topical term or geographic name entry element القانون الدولي العام
650 04 - SUBJECT ADDED ENTRY--TOPICAL TERM
Topical term or geographic name entry element الموارد الطبيعية -- حماية -- قانون دولي
700 ## - ADDED ENTRY--PERSONAL NAME
Personal name عادل عمر شريف
Relator term معد.
856 40 - ELECTRONIC LOCATION AND ACCESS
Uniform Resource Identifier <a href="https://fll.law.cu.edu.eg/fulltext/bks/B11-07735.pdf">https://fll.law.cu.edu.eg/fulltext/bks/B11-07735.pdf</a>
905 ## - Cataloger and Reviser Names
Cataloger Name: Logain Ashraf
942 ## - ADDED ENTRY ELEMENTS (KOHA)
Source of classification or shelving scheme Dewey Decimal Classification
Koha item type Books
Edition 21
Suppress in OPAC No
Holdings
Withdrawn status Lost status Source of classification or shelving scheme Damaged status Not for loan Collection Home library Current library Date acquired Source of acquisition Total checkouts Full call number Barcode Date last seen Copy number Price effective from Koha item type
    Dewey Decimal Classification   Not for loan القانون الدولي العام جــــامعة القــاهرة مكتبة كلية الحقوق - المبنى الرئيسي 28.03.2026 إهداء مكتبة الأستاذ الدكتور صلاح عامر   Law1 11 341.762 م م . ا 1107735 2005 C1 B11-07735 28.03.2026 1 28.03.2026 Books

© All rights reserved — Faculty of Law, Cairo University